En mi jardín soñado (Record no. 70801)

MARC details
000 -LEADER
campo de control de longitud fija 00572nam a2200181 i 4500
001 - NÚMERO DE CONTROL
campo de control 70801
003 - IDENTIFICADOR DE NÚMERO DE CONTROL
campo de control ES-MaACL
007 - CAMPO FIJO DE DESCRIPCIÓN FÍSICA--INFORMACIÓN GENERAL
campo de control de longitud fija t|
008 - DATOS DE LONGITUD FIJA--INFORMACIÓN GENERAL
campo de control de longitud fija 040803s1975 sp ||||1| spa d
100 0# - ENTRADA PRINCIPAL--NOMBRE DE PERSONA
Nombre de persona Garrido Chamorro, Manuel,
Fechas asociadas al nombre 1923-1990
9 (RLIN) 55691
245 10 - MENCIÓN DEL TÍTULO
Título En mi jardín soñado
Resto del título : poemas 1940-1974 /
Mención de responsabilidad, etc. Manuel Garrido Chamorro.
260 ## - PUBLICACIÓN, DISTRIBUCIÓN, ETC.
Lugar de publicación, distribución, etc. [Madrid :
Nombre del editor, distribuidor, etc. s.n.,
Fecha de publicación, distribución, etc. 1975] (
Fabricante Grafinter)
300 ## - DESCRIPCIÓN FÍSICA
Extensión 142 p. ;
Dimensiones 21 cm.
852 ## - LOCALIZACIÓN
Ubicación ES-MaACL
Número de control de estantería E-6889
Sublocalización o colección R.91389
852 ## - LOCALIZACIÓN
Ubicación ES-MaACL
Número de control de estantería E-6890
Sublocalización o colección R.91388
852 ## - LOCALIZACIÓN
Ubicación ES-MaACL
Número de control de estantería E-7110
Sublocalización o colección R.91387
Holdings
Estatus retirado Estado de pérdida Estado de daño No para préstamo Biblioteca de origen Biblioteca actual Ubicación en estantería Fecha de adquisición Fuente de adquisición Total de préstamos Signatura topográfica completa Código de barras Visto por última vez Precio de reemplazo Tipo de ítem Koha
        Biblioteca del Ateneo de Madrid Biblioteca del Ateneo de Madrid Depósito 2 17/01/2008     E-7110 1074136 23/02/2023 23/02/2023 Libro impreso
        Biblioteca del Ateneo de Madrid Biblioteca del Ateneo de Madrid Depósito 2 17/01/2008     E-6889 1074134 23/02/2023 23/02/2023 Libro impreso
        Biblioteca del Ateneo de Madrid Biblioteca del Ateneo de Madrid Depósito 2 17/01/2008     E-6890 1074135 23/02/2023 23/02/2023 Libro impreso